Potenciálne riziká vlasových farbív

Enregistré dans:
Détails bibliographiques
Auteur principal: Rakovská, Andrea
Format: Logiciel Livre
Langue:slovaque
Publié: Bratislava STU FCHPT 2012
Accès en ligne:Voir à l'OPAC
Tags: Ajouter un tag
Pas de tags, Soyez le premier à ajouter un tag!

MARC

LEADER 00000nam a2200000 a 4500
005 20260127134220.0
007 co ugu
008 121003 2012 xo 000 0 slo d
035 |a vtls010455642 
039 9 |y 201210031036  |z mschk03 
040 |a STUSCHK1  |b slo  |c STUSCHK1  |e AACR2 
100 1 |a Rakovská, Andrea 
245 1 |a Potenciálne riziká vlasových farbív  |c Andrea Rakovská 
260 |a Bratislava  |b STU FCHPT  |c 2012 
300 |a 1 elektronický disk 
500 |a Obháj.: 20.8. 2012 
500 |a Študijný program: výživa-kozmetika-ochrana zdravia 
500 |a Študijný odbor: 5.2.24 potravinárstvo 
500 |a Bakalárska práca na CD-ROMe 
500 |a FCHPT, Oddelenie potravinárskej technológie 
500 |a Evidenčné číslo: 13046-69612 
910 |a SCHK95 
999 |c 6929  |d 6929